[Event "XXXII Memorial Edoardo Crespi B"]
[Site "Milano ITA"]
[Date "2011.12.09"]
[Round "4"]
[White "Sirletti, Sonia"]
[Black "Gemelli, Giovanni"]
[Result "1-0"]
[WhiteElo "1960"]
[BlackElo "1759"]
[PlyCount "149"]
[EventDate "2011.12.07"]

1. d4 Nf6 2. c4 g6 3. Nc3 Bg7 4. e4 d6 5. Nf3 O-O 6. Be2 e5 7. d5 a5 8. Bg5 h6
9. Bh4 Na6 10. Nd2 Qe8 11. Rb1 Bd7 12. b3 Nh7 13. f3 f5 14. a3 Nf6 15. b4 axb4
16. axb4 b6 17. O-O f4 18. Bf2 g5 19. c5 bxc5 20. bxc5 h5 21. c6 Bc8 22. Ra1 g4
23. Nb5 Qg6 24. fxg4 hxg4 25. Na7 g3 26. Nxc8 gxf2+ 27. Rxf2 Raxc8 28. Bxa6 Ra8
29. Rf3 Ng4 30. Qe2 Ne3 31. Nf1 Nxf1 32. Rfxf1 Bf6 33. Qf3 Qg5 34. Be2 Qg6 35.
Qg4 Qxg4 36. Bxg4 Rxa1 37. Rxa1 Kg7 38. Ra7 Bd8 39. Kf2 Rh8 40. h3 Bh4+ 41. Kf3
Bd8 42. Bd7 Kf6 43. Ra8 Ke7 44. Ra1 Kf7 45. Bg4 Bg5 46. Ra7 Bd8 47. g3 fxg3 48.
Kxg3 Bh4+ 49. Kf3 Bd8 50. Ra2 Kg7 51. Rg2 Bg5 52. Bf5 Kf6 53. Rb2 Kf7 54. Rb7
Bd8 55. Ke3 Kf6 56. Kd3 Rh4 57. Kc4 Rf4 58. Rb8 Ke7 59. Kb5 Rf2 60. Ka6 Ra2+
61. Kb7 Rb2+ 62. Kc8 Ra2 63. Rb3 Ra8+ 64. Kb7 Ra1 65. Rg3 Kf8 66. Kc8 Ra8+ 67.
Kd7 Bh4 68. Rg6 Rd8+ 69. Kxc7 Ra8 70. Kb7 Ra1 71. c7 Rb1+ 72. Kc6 Rc1+ 73. Kd7
Rxc7+ 74. Kxc7 Bd8+ 75. Kxd6 1-0

[Event "XXXII Memorial Edoardo Crespi B"]
[Site "Milano ITA"]
[Date "2011.12.09"]
[Round "4"]
[White "Sottroi, Carlo"]
[Black "Caldarola, Stefano"]
[Result "1/2-1/2"]
[WhiteElo "1949"]
[BlackElo "1812"]
[PlyCount "79"]
[EventDate "2011.12.07"]

1. e4 d5 2. exd5 Qxd5 3. d4 Nf6 4. Nc3 Qd6 5. Bd3 c6 6. Nge2 g6 7. O-O Bg7 8.
Ne4 Nxe4 9. Bxe4 O-O 10. c3 Re8 11. Ng3 Be6 12. Re1 Nd7 13. Bf3 f5 14. Rxe6
Qxe6 15. d5 Qd6 16. Qb3 Nc5 17. Qc2 cxd5 18. Ne2 e5 19. g3 Rac8 20. Be3 e4 21.
Bg2 Nd3 22. Nf4 Nxf4 23. Bxf4 Qc6 24. Bf1 Kh8 25. Qb3 a6 26. Rd1 Red8 27. Be3
d4 28. Rxd4 Rxd4 29. Bxd4 Bxd4 30. cxd4 Rd8 31. Qf7 b5 32. a4 Qd5 33. Qf6+ Kg8
34. axb5 axb5 35. Bxb5 Rd6 36. Bc4 Rxf6 37. Bxd5+ Kf8 38. Bc4 Ke7 39. Kf1 Kd6
40. Ke2 1/2-1/2

[Event "XXXII Memorial Edoardo Crespi B"]
[Site "Milano ITA"]
[Date "2011.12.09"]
[Round "4"]
[White "Swannie, Douglas"]
[Black "Murli, Almerico"]
[Result "1/2-1/2"]
[WhiteElo "1955"]
[BlackElo "1804"]
[PlyCount "134"]
[EventDate "2011.12.07"]

1. d4 g6 2. c4 Bg7 3. Nc3 Nf6 4. e4 d6 5. f4 O-O 6. Nf3 c5 7. d5 e6 8. Be2 exd5
9. cxd5 Re8 10. e5 dxe5 11. fxe5 Ng4 12. Bg5 Qb6 13. Qd2 Nxe5 14. O-O Nbd7 15.
Nxe5 Nxe5 16. d6 f5 17. Nd5 Qc6 18. Ne7+ Rxe7 19. dxe7 Bd7 20. Rad1 Re8 21.
Qd5+ Qxd5 22. Rxd5 Bc6 23. Rd8 Nf7 24. Bc4 Bd4+ 25. Kh1 Kg7 26. Bxf7 Kxf7 27.
b3 a6 28. h3 Kg7 29. Re1 h6 30. Rxe8 Bxe8 31. Be3 Bxe3 32. Rxe3 Kf7 33. Kg1 Bc6
34. Re5 b6 35. Kf2 Be8 36. h4 Kf6 37. Re1 Kf7 38. g3 Bc6 39. Re5 Be8 40. Ke2
Kf6 41. Re3 Kf7 42. Kd3 Bb5+ 43. Kc3 Bc6 44. Re5 Be8 45. a4 Kf6 46. Re3 g5 47.
b4 cxb4+ 48. Kxb4 gxh4 49. gxh4 f4 50. Re1 f3 51. a5 bxa5+ 52. Kxa5 f2 53. Rf1
Kxe7 54. Rxf2 Bb5 55. h5 Be8 56. Rf5 Ke6 57. Rc5 Kd6 58. Kb6 Bd7 59. Rc4 Be8
60. Rc5 Bd7 61. Rc7 Be8 62. Rh7 Bb5 63. Rxh6+ Ke7 64. Ka5 Kf7 65. Rb6 Kg7 66.
h6+ Kh7 67. Kb4 Bd3 1/2-1/2

[Event "XXXII Memorial Edoardo Crespi B"]
[Site "Milano ITA"]
[Date "2011.12.09"]
[Round "4"]
[White "Villalba, Fernando"]
[Black "Trent, Alan M."]
[Result "1-0"]
[WhiteElo "1865"]
[BlackElo "1759"]
[PlyCount "23"]
[EventDate "2011.12.07"]

1. d4 Nf6 2. Nf3 g6 3. Bf4 c5 4. e3 Bg7 5. c3 Nc6 6. h3 O-O 7. Be2 cxd4 8. exd4
Qb6 9. Bc1 d6 10. O-O Bd7 11. Nbd2 Qc7 12. Nb3 {...} 1-0

[Event "XXXII Memorial Edoardo Crespi B"]
[Site "Milano ITA"]
[Date "2011.12.09"]
[Round "4"]
[White "Virzi, Ettore"]
[Black "Cocconcelli, Lorenzo"]
[Result "0-1"]
[WhiteElo "1966"]
[BlackElo "1900"]
[PlyCount "54"]
[EventDate "2011.12.07"]

1. e4 e6 2. d4 d5 3. Nc3 Bb4 4. e5 c5 5. a3 Bxc3+ 6. bxc3 Qa5 7. Bd2 Qa4 8. Nf3
b6 9. h4 Ba6 10. h5 Bxf1 11. Kxf1 h6 12. Rh4 Qa6+ 13. Kg1 Ne7 14. a4 Nbc6 15.
a5 bxa5 16. dxc5 Qb5 17. Rb1 Qa6 18. Rg4 g5 19. Qe1 Nf5 20. Nd4 Ncxd4 21. cxd4
Qc4 22. Bxa5 O-O 23. Bd2 Rab8 24. Ra1 a6 25. Qc1 Nxd4 26. Bxg5 Ne2+ 27. Kh2
Qxg4 0-1

[Event "XXXII Memorial Edoardo Crespi B"]
[Site "Milano ITA"]
[Date "2011.12.10"]
[Round "5"]
[White "Alberio, Silvio"]
[Black "Ciciotti, Augusto"]
[Result "0-1"]
[WhiteElo "1755"]
[BlackElo "1917"]
[PlyCount "120"]
[EventDate "2011.12.07"]

1. d4 Nf6 2. c4 g6 3. Nc3 Bg7 4. e4 d6 5. Be2 O-O 6. Nf3 e5 7. O-O Nc6 8. d5
Ne7 9. Nd2 Ne8 10. b4 f5 11. c5 Nf6 12. a4 Kh8 13. cxd6 cxd6 14. f3 f4 15. Ba3
Rf7 16. Rc1 g5 17. Nb5 Neg8 18. Nc4 Ne8 19. Nc3 h5 20. b5 Nh6 21. Qb3 g4 22.
Qb4 Qh4 23. fxg4 hxg4 24. Bd1 g3 25. hxg3 fxg3 26. Rxf7 Qh2+ 27. Kf1 Qh1+ 28.
Ke2 Qxg2+ 29. Kd3 Nxf7 30. Qb2 Qxb2 31. Bxb2 Bh6 32. Rc2 Bh3 33. Bf3 Bf1+ 34.
Ne2 g2 35. Bxg2 Bxg2 36. Ng3 Bh3 37. Rh2 Bd7 38. Rxh6+ Nxh6 39. Nxd6 Ng4 40.
Nf7+ Kg8 41. Nxe5 Nxe5+ 42. Bxe5 a6 43. b6 Bxa4 44. Nf5 Bb5+ 45. Ke3 Kf7 46.
Bd4 Bd7 47. Nh6+ Kg6 48. Ng8 Kf7 49. Nh6+ Ke7 50. e5 Rc8 51. Bb2 Rc4 52. Ba3+
Kd8 53. Nf7+ Kc8 54. Nd6+ Nxd6 55. Bxd6 Bf5 56. e6 Be4 57. e7 Kd7 58. Kf4 Bxd5+
59. Ke5 Bf7 60. Ba3 Rc6 0-1

[Event "XXXII Memorial Edoardo Crespi B"]
[Site "Milano ITA"]
[Date "2011.12.10"]
[Round "5"]
[White "Beltrami, Francesco"]
[Black "Cavalleri, Giuseppe"]
[Result "0-1"]
[WhiteElo "1857"]
[BlackElo "1812"]
[PlyCount "114"]
[EventDate "2011.12.07"]

1. Nf3 d5 2. g3 Nf6 3. Bg2 c5 4. O-O Nc6 5. d4 e6 6. b3 b6 7. Bb2 Bb7 8. Nbd2
Be7 9. c4 O-O 10. Re1 Re8 11. a3 Qc7 12. Rc1 Rad8 13. dxc5 dxc4 14. Qc2 cxb3
15. cxb6 Qxb6 16. Qxb3 Qxb3 17. Nxb3 Ba8 18. Nc5 Nd5 19. Na6 Na5 20. e4 Nb6 21.
Nc7 Rf8 22. Nxa8 Rxa8 23. Nd4 Rac8 24. Nb5 a6 25. Na7 Rxc1 26. Bxc1 Nac4 27. e5
Bxa3 28. Bxa3 Nxa3 29. Ra1 Nac4 30. Bf1 Ra8 31. Bxc4 Nxc4 32. Rxa6 Nxe5 33. Ra5
f6 34. Nc6 Rxa5 35. Nxa5 Kf7 36. Kg2 Ke7 37. Nb3 Kd6 38. Nd4 Kd5 39. Ne2 Nd3
40. f3 e5 41. Nc3+ Kd4 42. Nd1 f5 43. Kf1 e4 44. Ke2 g6 45. fxe4 fxe4 46. Kd2
Ne5 47. Ke2 Nf3 48. h4 Ne5 49. Ne3 h6 50. g4 Nd3 51. Ng2 Ke5 52. Ke3 g5 53.
hxg5 hxg5 54. Kd2 Nf2 55. Ne3 Kf4 56. Ke2 Nxg4 57. Nf1 e3 0-1

[Event "XXXII Memorial Edoardo Crespi B"]
[Site "Milano ITA"]
[Date "2011.12.10"]
[Round "5"]
[White "Bernago, Federico"]
[Black "Regorda, Vittorio"]
[Result "0-1"]
[WhiteElo "1946"]
[BlackElo "1844"]
[PlyCount "132"]
[EventDate "2011.12.07"]

1. e4 e6 2. d3 d5 3. Nd2 Nf6 4. Ngf3 dxe4 5. dxe4 Be7 6. g3 O-O 7. Bg2 Nc6 8.
O-O e5 9. h3 Be6 10. c3 Qc8 11. Kh2 h6 12. Qc2 a5 13. a4 Nh7 14. Ng1 Ra6 15. f4
f5 16. exf5 Bxf5 17. Be4 Bxe4 18. Nxe4 exf4 19. Bxf4 Nd8 20. Nf3 Nf7 21. Rf2
Nfg5 22. Nfxg5 hxg5 23. Be3 Rh6 24. Rxf8+ Nxf8 25. Qg2 Nh7 26. Rf1 Re6 27. Bc5
Kh8 28. Bxe7 Rxe7 29. Nc5 b6 30. Nb3 Qe8 31. Rf2 c5 32. Nc1 Nf6 33. Re2 Rxe2
34. Qxe2 Qxa4 35. Qg2 Qe4 36. Qd2 Qb1 37. Nd3 Qf1 38. Ne5 Ne4 39. Qc2 Qf2+ 40.
Qxf2 Nxf2 41. Nd7 Nd1 42. Nxb6 Nxb2 43. Nd7 c4 44. Nb6 a4 45. Nd5 a3 46. Nb4
Kg8 47. Kg2 Kf7 48. Kf3 Kf6 49. Ke4 Nd3 50. Na2 Nf2+ 51. Kd4 Nxh3 52. Kxc4 Nf2
53. Kd5 Ke7 54. Ke5 g6 55. c4 Nd3+ 56. Kd4 Nb2 57. c5 Na4 58. c6 Kd6 59. c7 Nb6
60. Nc3 Kxc7 61. Ke5 Nd7+ 62. Ke6 Nc5+ 63. Kf7 Kd6 64. g4 Ne4 65. Na2 Nf2 66.
Kxg6 Nxg4 0-1

[Event "XXXII Memorial Edoardo Crespi B"]
[Site "Milano ITA"]
[Date "2011.12.10"]
[Round "5"]
[White "Bisignano, Giuseppe"]
[Black "Motola, Jacopo"]
[Result "1-0"]
[WhiteElo "1908"]
[BlackElo "1903"]
[PlyCount "91"]
[EventDate "2011.12.07"]

1. e4 c5 2. Nf3 d6 3. Nc3 Nf6 4. Bc4 e6 5. d4 cxd4 6. Nxd4 Nc6 7. O-O Be7 8. f4
Qb6 9. Be3 Qxb2 10. Qd2 Qb4 11. Qd3 Ng4 12. Rfb1 Qa5 13. Bd2 Qc5 14. Nce2 Nxd4
15. Nxd4 e5 16. Bb5+ Kf8 17. c3 a6 18. Bc4 b5 19. Bd5 Rb8 20. h3 Nf6 21. Kh2
Nxd5 22. Nb3 Qc4 23. Qxd5 Qxd5 24. exd5 Bb7 25. c4 Bf6 26. Bc3 e4 27. Bxf6 gxf6
28. Nd4 Bc8 29. cxb5 axb5 30. Nxb5 Rb6 31. a4 Bd7 32. Nc3 Rxb1 33. Rxb1 f5 34.
Rb8+ Kg7 35. Rxh8 Kxh8 36. a5 Bc8 37. Nb5 Kg7 38. Nxd6 Ba6 39. Nxf5+ Kf6 40. g4
Bc4 41. Ne3 Ba6 42. Kg3 Ke7 43. f5 Kd6 44. Kf4 Bd3 45. h4 h6 46. g5 1-0

[Event "XXXII Memorial Edoardo Crespi B"]
[Site "Milano ITA"]
[Date "2011.12.10"]
[Round "5"]
[White "Brigatti, Lorenzo"]
[Black "Sottroi, Carlo"]
[Result "1/2-1/2"]
[WhiteElo "1863"]
[BlackElo "1949"]
[PlyCount "50"]
[EventDate "2011.12.07"]

1. e4 e6 2. d3 d5 3. Nd2 Nf6 4. g3 c5 5. Bg2 Nc6 6. Ngf3 Be7 7. O-O O-O 8. Re1
d4 9. Nc4 b5 10. Nce5 Bb7 11. h4 Nxe5 12. Nxe5 Nd7 13. Nf3 Nb6 14. Ng5 h6 15.
Qh5 hxg5 16. hxg5 g6 17. Qh6 Re8 18. Bf3 Bf8 19. Qh3 Bg7 20. Kg2 f6 21. Rh1 Kf7
22. gxf6 Qxf6 23. Qg4 Nd7 24. Bg5 Qe5 25. Bf4 Qf6 1/2-1/2

[Event "XXXII Memorial Edoardo Crespi B"]
[Site "Milano ITA"]
[Date "2011.12.10"]
[Round "5"]
[White "Brociner, Beniamino"]
[Black "Bonassi, Tommaso"]
[Result "1-0"]
[WhiteElo "1941"]
[BlackElo "1843"]
[PlyCount "65"]
[EventDate "2011.12.07"]

1. e4 c5 2. Nf3 d6 3. d4 cxd4 4. Nxd4 Nf6 5. Nc3 a6 6. Bc4 e6 7. Bb3 Nbd7 8. f4
Nc5 9. e5 dxe5 10. fxe5 Nxb3 11. axb3 Nd5 12. Ne4 Qh4+ 13. Ng3 Bb4+ 14. Kf1 O-O
15. c3 Bc5 16. Nf3 Qd8 17. Ke2 f5 18. Qc2 Qc7 19. Re1 Bd7 20. Kf1 Bb5+ 21. c4
Nb4 22. Qc3 Bc6 23. Ne2 Bxf3 24. gxf3 Rad8 25. Nf4 Rd3 26. Nxd3 Nxd3 27. Qxd3
Qe7 28. Be3 Bb4 29. Red1 Qh4 30. Kg2 f4 31. Bd4 Rf5 32. Kh1 Rh5 33. Qe2 1-0

[Event "XXXII Memorial Edoardo Crespi B"]
[Site "Milano ITA"]
[Date "2011.12.10"]
[Round "5"]
[White "Caldarola, Stefano"]
[Black "Piantoni, Pierino"]
[Result "1-0"]
[WhiteElo "1812"]
[BlackElo "1932"]
[PlyCount "99"]
[EventDate "2011.12.07"]

1. d4 d5 2. c4 e6 3. g3 c5 4. Nf3 Nc6 5. dxc5 Bxc5 6. Bg2 Nf6 7. Nc3 d4 8. Na4
Bb4+ 9. Nd2 a5 10. O-O O-O 11. c5 Bxd2 12. Bxd2 e5 13. Bg5 Be6 14. a3 Rb8 15.
Nb6 Qe7 16. Qc2 Rfd8 17. Rfd1 h6 18. Bd2 d3 19. exd3 Nd4 20. Qa4 Bb3 21. Qxa5
Bxd1 22. Rxd1 Nb3 23. Qc3 Nxd2 24. Rxd2 Nd7 25. Nxd7 Rxd7 26. Be4 g6 27. b4 f5
28. Bg2 Rbd8 29. b5 Rd4 30. a4 e4 31. c6 bxc6 32. Qxc6 Rxd3 33. Rxd3 exd3 34.
Qxg6+ Qg7 35. Qe6+ Qf7 36. Qxh6 d2 37. Qg5+ Kh7 38. Qxd8 Qa2 39. Bf3 Qxa4 40.
Qd7+ Kg6 41. Qd6+ Kh7 42. Qxd2 Qxb5 43. Kg2 Kg6 44. Qd6+ Kg7 45. Qf4 Kg6 46. h4
Kh7 47. Qg5 Qd7 48. h5 Qd3 49. Qg6+ Kh8 50. h6 1-0

[Event "XXXII Memorial Edoardo Crespi B"]
[Site "Milano ITA"]
[Date "2011.12.10"]
[Round "5"]
[White "Cattaneo, Marco"]
[Black "Forno, Roberto"]
[Result "1-0"]
[WhiteElo "1973"]
[BlackElo "1911"]
[PlyCount "83"]
[EventDate "2011.12.07"]

1. d4 d6 2. Nf3 g6 3. c4 Bg7 4. Nc3 Nf6 5. e4 O-O 6. Be2 Na6 7. O-O c5 8. d5
Nc7 9. a4 e5 10. a5 Nh5 11. Ne1 Nf4 12. Nd3 Nxe2+ 13. Qxe2 f5 14. f3 f4 15. b4
cxb4 16. Nxb4 g5 17. Nd3 h5 18. c5 dxc5 19. Nxc5 g4 20. Bd2 Rf6 21. Kh1 Rg6 22.
Rg1 g3 23. h3 Qh4 24. Qf1 Ne8 25. Nb5 Bf8 26. Nd3 a6 27. Na3 Rg5 28. Nc4 b5 29.
axb6 Nd6 30. Ncxe5 Bg7 31. Bxf4 Bxh3 32. gxh3 Nxe4 33. fxe4 Rf8 34. Bxg5 Qxg5
35. Qg2 h4 36. Rgf1 Re8 37. Rxa6 Bxe5 38. Nxe5 Qxe5 39. b7 Kg7 40. Ra8 Rb8 41.
Rxb8 Qxb8 42. Rb1 1-0

[Event "XXXII Memorial Edoardo Crespi B"]
[Site "Milano ITA"]
[Date "2011.12.10"]
[Round "5"]
[White "Cerioni, Armando"]
[Black "Manansala, Eduardo"]
[Result "1/2-1/2"]
[WhiteElo "1949"]
[BlackElo "1912"]
[PlyCount "25"]
[EventDate "2011.12.07"]

1. d4 Nf6 2. Nf3 e6 3. e3 b6 4. Bd3 d5 5. O-O Ba6 6. Bxa6 Nxa6 7. Qe2 Nb8 8.
Nbd2 Nbd7 9. e4 dxe4 10. Nxe4 Be7 11. Nxf6+ Nxf6 12. Qb5+ Qd7 13. Qxd7+ 1/2-1/2

[Event "XXXII Memorial Edoardo Crespi B"]
[Site "Milano ITA"]
[Date "2011.12.10"]
[Round "5"]
[White "Cocconcelli, Lorenzo"]
[Black "Barolo, Andrea"]
[Result "1/2-1/2"]
[WhiteElo "1900"]
[BlackElo "1944"]
[PlyCount "71"]
[EventDate "2011.12.07"]

1. d4 Nf6 2. c4 g6 3. Nc3 d5 4. cxd5 Nxd5 5. e4 Nxc3 6. bxc3 Bg7 7. Bc4 c5 8.
Ne2 O-O 9. O-O Nc6 10. Be3 Qc7 11. Rc1 Rd8 12. Bf4 Qd7 13. dxc5 Na5 14. Bb5
Qxd1 15. Rfxd1 Rxd1+ 16. Rxd1 Be6 17. Nd4 Bc4 18. Bc7 Bxb5 19. Nxb5 Nc6 20. Rd7
Rc8 21. Bf4 Rd8 22. Rxd8+ Nxd8 23. Nxa7 Bxc3 24. Be3 Kf8 25. Kf1 Ke8 26. Ke2
Kd7 27. Kd3 Bb2 28. Kc4 Nc6 29. Nxc6 Kxc6 30. a4 h5 31. Bd4 Ba3 32. f3 Bc1 33.
h3 Ba3 34. g4 Bc1 35. Be5 Ba3 36. Bd4 1/2-1/2

[Event "XXXII Memorial Edoardo Crespi B"]
[Site "Milano ITA"]
[Date "2011.12.10"]
[Round "5"]
[White "Falchi, Claudio"]
[Black "Palmieri, Giovanni"]
[Result "0-1"]
[WhiteElo "1784"]
[BlackElo "1802"]
[PlyCount "144"]
[EventDate "2011.12.07"]

1. e4 c5 2. Nc3 d6 3. g3 Nc6 4. Bg2 Nf6 5. d3 g6 6. f4 Bg7 7. Nf3 Rb8 8. O-O
O-O 9. h3 Bd7 10. g4 e6 11. Qe1 Ne8 12. Be3 f5 13. gxf5 exf5 14. e5 b6 15. Ng5
Ne7 16. exd6 Nxd6 17. Bf2 Bf6 18. Ne6 Bxe6 19. Qxe6+ Kg7 20. Qe1 Qc7 21. Bh4
Bd4+ 22. Kh2 Rfe8 23. Qd2 h6 24. Kh1 b5 25. Rab1 b4 26. Ne2 Bf6 27. Bxf6+ Kxf6
28. d4 Ne4 29. Bxe4 fxe4 30. Ng3 Nf5 31. Nxf5 gxf5 32. Qe3 c4 33. d5 Qb6 34.
Qg3 Rg8 35. Qh4+ Kf7 36. Rg1 Qf6 37. Qh5+ Rg6 38. Qe2 Qh4 39. Qe3 Rbb6 40. Rxg6
Kxg6 41. Rg1+ Kf7 42. Kh2 Qf6 43. Qg3 Qg6 44. Qxg6+ Rxg6 45. Rxg6 Kxg6 46. Kg3
Kf6 47. Kf2 Ke7 48. Ke3 Kd6 49. Kd4 c3 50. bxc3 bxc3 51. a3 a6 52. Kc4 a5 53.
Kd4 a4 54. Kxc3 Kxd5 55. Kd2 Kc4 56. Kc1 Kc3 57. Kd1 Kb2 58. c4 Kxa3 59. c5 Kb2
60. c6 a3 61. c7 a2 62. c8=Q a1=Q+ 63. Ke2 Qa3 64. Qb7+ Qb3 65. Qg7+ Qc3 66.
Qb7+ Kc2 67. Kf1 Kd2 68. Kg1 Ke2 69. Qb5+ Qd3 70. Qb2+ Qd2 71. Qb5+ Kf3 72.
Qf1+ Kg3 0-1

[Event "XXXII Memorial Edoardo Crespi B"]
[Site "Milano ITA"]
[Date "2011.12.10"]
[Round "5"]
[White "Ferrari, Claudio"]
[Black "Pelizzola, Danilo"]
[Result "0-1"]
[WhiteElo "1879"]
[BlackElo "1978"]
[PlyCount "66"]
[EventDate "2011.12.07"]

1. e4 e5 2. Nf3 Nc6 3. Bc4 Be7 4. d4 d6 5. Nc3 Nf6 6. dxe5 Nxe5 7. Nxe5 dxe5 8.
Qe2 O-O 9. h3 c6 10. a4 Bc5 11. O-O Qe7 12. Bg5 Be6 13. Rad1 Rad8 14. Nb1 a6
15. Nd2 b5 16. axb5 axb5 17. Bxe6 Qxe6 18. Nf3 h6 19. Bc1 Kh7 20. Nh4 g6 21.
Rd3 Rxd3 22. Qxd3 Be7 23. Qe3 Ng8 24. Nf3 Rd8 25. b3 f6 26. g4 Rd7 27. Bd2 Qd6
28. b4 Qe6 29. Ra1 Qc4 30. Ra8 Qxc2 31. Rxg8 Kxg8 32. Qxh6 Qxe4 33. Kg2 Bf8 0-1

[Event "XXXII Memorial Edoardo Crespi B"]
[Site "Milano ITA"]
[Date "2011.12.10"]
[Round "5"]
[White "Fornasir, Carlo Gustavo"]
[Black "Pandini, Giuseppe"]
[Result "1-0"]
[WhiteElo "1868"]
[BlackElo "1785"]
[PlyCount "115"]
[EventDate "2011.12.07"]

1. e4 b6 2. d4 e6 3. Bd3 Nf6 4. e5 Nd5 5. Be4 c6 6. Nf3 Ba6 7. a3 Be7 8. b3 b5
9. c3 Nb6 10. O-O d5 11. exd6 Qxd6 12. Ne5 N6d7 13. Bf4 Nxe5 14. Bxe5 Qd8 15.
Bxg7 Rg8 16. Be5 f5 17. Qh5+ Kd7 18. Bf3 Rg6 19. Qxh7 Qg8 20. Qxg8 Rxg8 21. Re1
Bb7 22. b4 Na6 23. Nd2 Bd6 24. c4 Nc7 25. cxb5 Nxb5 26. Nc4 Bxe5 27. Nxe5+ Kc7
28. Rad1 Rad8 29. Bh5 Nxd4 30. Rc1 a6 31. Nf3 Nxf3+ 32. Bxf3 Rd6 33. Rc5 Kd7
34. a4 Rd3 35. Kf1 Rc8 36. Rec1 Rb3 37. R1c4 Rb1+ 38. Ke2 Rb2+ 39. Ke3 Rb3+ 40.
Kd4 Rb2 41. Kc3 Rxf2 42. b5 axb5 43. axb5 Ke7 44. bxc6 Ba8 45. h4 Rf1 46. h5
Rc1+ 47. Kd2 Rxc4 48. Rxc4 Kd6 49. c7 Bxf3 50. gxf3 Ke7 51. f4 Kf7 52. Ke3 Kg7
53. Kd4 Kh6 54. Ke5 Kxh5 55. Kxe6 Kg6 56. Kd7 Rf8 57. Rc6+ Kg7 58. c8=Q 1-0

[Event "XXXII Memorial Edoardo Crespi B"]
[Site "Milano ITA"]
[Date "2011.12.10"]
[Round "5"]
[White "Ganci, Stefano"]
[Black "Swannie, Douglas"]
[Result "1-0"]
[WhiteElo "1920"]
[BlackElo "1955"]
[PlyCount "97"]
[EventDate "2011.12.07"]

1. d4 d5 2. Nf3 Nf6 3. e3 e6 4. Bd3 c5 5. c3 Nc6 6. Nbd2 Bd6 7. O-O O-O 8. dxc5
Bxc5 9. e4 e5 10. exd5 Nxd5 11. Ne4 Be7 12. Bc4 Nf6 13. Qe2 Bg4 14. Nxf6+ Bxf6
15. Qe4 Bh5 16. Be3 Qc7 17. Bd5 Ne7 18. Bb3 a6 19. Nd2 g5 20. g4 Bg6 21. Qg2
Qc6 22. Qxc6 Nxc6 23. f3 Be7 24. Bd5 Rac8 25. Be4 Rfd8 26. Rad1 f6 27. Bb6 Rd7
28. Kg2 Bd8 29. Be3 Bc7 30. Bxg6 hxg6 31. Ne4 Rf7 32. Rd3 Rd8 33. Rfd1 Kf8 34.
Nc5 Rxd3 35. Rxd3 Bd8 36. Ne4 Bc7 37. Bc5+ Kg7 38. Kf2 b6 39. Bd6 Bd8 40. Ba3
Be7 41. Bxe7 Nxe7 42. Rd6 Nc8 43. Rc6 Rf8 44. Kg3 a5 45. b3 f5 46. Nxg5 f4+ 47.
Kg2 Kh6 48. h4 b5 49. Rc7 1-0

[Event "XXXII Memorial Edoardo Crespi B"]
[Site "Milano ITA"]
[Date "2011.12.10"]
[Round "5"]
[White "Gemelli, Giovanni"]
[Black "Popovich, Fabio"]
[Result "1/2-1/2"]
[WhiteElo "1759"]
[BlackElo "1847"]
[PlyCount "106"]
[EventDate "2011.12.07"]

1. e4 e5 2. Nf3 d6 3. d4 Nf6 4. Nc3 Nbd7 5. Be3 Be7 6. Bc4 O-O 7. O-O c6 8. Bb3
b5 9. a3 a5 10. Nd2 Ba6 11. Re1 c5 12. dxe5 dxe5 13. f4 c4 14. Ba2 exf4 15.
Bxf4 Bc5+ 16. Be3 Qb6 17. Bxc5 Qxc5+ 18. Kh1 Rac8 19. h3 Ne5 20. Nf1 Rfd8 21.
Qe2 b4 22. axb4 axb4 23. Nd1 Qc6 24. Qe3 Bb7 25. Ng3 Qc5 26. Qe2 Qd4 27. Nf5
Qc5 28. Nf2 Rc7 29. Rad1 Rxd1 30. Rxd1 Rd7 31. Rxd7 Nfxd7 32. Ng4 Nb6 33. Ng3
Ng6 34. Qd2 h6 35. c3 Qa5 36. Bb1 b3 37. Kh2 Ne5 38. Nxe5 Qxe5 39. Qd8+ Kh7 40.
Qxb6 Bc8 41. Qf2 Be6 42. Kh1 Qg5 43. e5+ g6 44. Kh2 Qxe5 45. Qe2 Qd6 46. Be4
Kg7 47. Qe3 Qc7 48. Qd4+ Kh7 49. Bd5 h5 50. Bxe6 fxe6 51. Kh1 Qxg3 52. Qd7+ Kh6
53. Qxe6 Qf4 1/2-1/2

[Event "XXXII Memorial Edoardo Crespi B"]
[Site "Milano ITA"]
[Date "2011.12.10"]
[Round "5"]
[White "Giallombardo, Federico"]
[Black "Ranfagni, Stefano"]
[Result "0-1"]
[WhiteElo "1906"]
[BlackElo "1998"]
[PlyCount "104"]
[EventDate "2011.12.07"]

1. d4 e6 2. c4 f5 3. Nf3 Nf6 4. Nc3 c6 5. a3 d5 6. e3 Bd6 7. Be2 O-O 8. O-O Bd7
9. b4 Be8 10. Bb2 Bh5 11. g3 Nbd7 12. Nd2 Bxe2 13. Qxe2 Qe8 14. Rae1 g5 15. f3
Qg6 16. e4 Bc7 17. e5 Ne8 18. cxd5 cxd5 19. Nb5 a6 20. Nxc7 Nxc7 21. Rc1 Rac8
22. Nb3 Nb5 23. a4 Na7 24. Na5 b5 25. Nb7 Nb6 26. Nd6 Rxc1 27. Rxc1 Nc4 28.
axb5 axb5 29. Ra1 Qg7 30. Ra6 Qd7 31. Bc1 f4 32. Qa2 Nc6 33. Bd2 Nxd6 34. exd6
Qxd6 35. gxf4 gxf4 36. Qb2 Qd7 37. Ra1 Rf6 38. Kh1 Rg6 39. Rg1 Rxg1+ 40. Kxg1
Qg7+ 41. Kh1 Qxd4 42. Bc3 Qd3 43. Qg2+ Qg6 44. Qa2 Ne7 45. Qa8+ Kf7 46. Qh8 Nc6
47. h3 e5 48. Bxe5 Qb1+ 49. Kg2 Qc2+ 50. Kf1 Qd1+ 51. Kf2 Qd2+ 52. Kf1 Qd3+ 0-1

[Event "XXXII Memorial Edoardo Crespi B"]
[Site "Milano ITA"]
[Date "2011.12.10"]
[Round "5"]
[White "Grigioni, Giulio"]
[Black "Montilli, Vincenzo"]
[Result "0-1"]
[WhiteElo "1896"]
[BlackElo "1777"]
[PlyCount "116"]
[EventDate "2011.12.07"]

1. e4 c5 2. Nc3 Nc6 3. Nge2 e6 4. g3 Nge7 5. Bg2 g6 6. d3 Bg7 7. Bg5 O-O 8. h4
h6 9. Be3 b6 10. Qd2 Kh7 11. h5 g5 12. O-O-O d5 13. d4 c4 14. f4 f6 15. fxg5
fxg5 16. Rhf1 a6 17. Rxf8 Bxf8 18. Rf1 Bg7 19. Bxg5 hxg5 20. Qxg5 Qe8 21. Qh4
Nxd4 22. g4 Nxe2+ 23. Nxe2 Ra7 24. g5 Ng8 25. Nf4 Re7 26. e5 Bb7 27. c3 b5 28.
Bf3 d4 29. cxd4 Bxf3 30. Rxf3 Rd7 31. Nh3 Ne7 32. g6+ Kg8 33. Qg5 Nf5 34. Rxf5
exf5 35. h6 Qe7 36. Qxe7 Rxe7 37. hxg7 Kxg7 38. Nf4 Kh6 39. Kd2 Kg5 40. g7 Re8
41. Ne6+ Kh6 42. Ke3 Kh7 43. d5 Rxe6 44. g8=Q+ Kxg8 45. dxe6 Kf8 46. Kd4 Ke7
47. a4 Kxe6 48. axb5 axb5 49. Kc5 Kxe5 50. Kxb5 f4 51. Kxc4 Ke4 52. Kc5 f3 53.
b4 f2 54. Kc6 f1=Q 55. b5 Qf8 56. Kb7 Kd5 57. b6 Qf7+ 58. Ka8 Kc6 0-1

[Event "XXXII Memorial Edoardo Crespi B"]
[Site "Milano ITA"]
[Date "2011.12.10"]
[Round "5"]
[White "Lanzani, Giuliano"]
[Black "Petrone, Gianmario"]
[Result "0-1"]
[WhiteElo "1953"]
[BlackElo "1937"]
[PlyCount "56"]
[EventDate "2011.12.07"]

1. d3 Nf6 2. g3 g6 3. Bg2 Bg7 4. Nf3 O-O 5. e4 d6 6. O-O e5 7. b4 Nc6 8. b5 Nd4
9. Nxd4 exd4 10. Nd2 a6 11. Bb2 axb5 12. Bxd4 Be6 13. c4 bxc4 14. Nxc4 b5 15.
Ne3 Rxa2 16. Rxa2 Bxa2 17. Qa1 Be6 18. f4 c5 19. Bb2 Ne8 20. Bxg7 Nxg7 21. f5
Qg5 22. Rf4 gxf5 23. Kf2 fxe4 24. Bxe4 Nh5 25. Nf5 Nxf4 26. h4 Nxd3+ 27. Ke2
Qg4+ 28. Kxd3 Bxf5 0-1

[Event "XXXII Memorial Edoardo Crespi B"]
[Site "Milano ITA"]
[Date "2011.12.10"]
[Round "5"]
[White "Mansueti, Marco"]
[Black "Rossi, Giampiero"]
[Result "1-0"]
[WhiteElo "1852"]
[BlackElo "1910"]
[PlyCount "113"]
[EventDate "2011.12.07"]

1. d4 d5 2. e3 c6 3. c4 e6 4. Nc3 Nf6 5. Nf3 Nbd7 6. Bd3 Be7 7. O-O O-O 8. Re1
b6 9. Qc2 Bb7 10. e4 dxe4 11. Nxe4 Nxe4 12. Bxe4 Nf6 13. Bf4 Nxe4 14. Qxe4 Bf6
15. Rad1 Qe7 16. Be5 Rfd8 17. Bxf6 Qxf6 18. Ne5 Rac8 19. Re3 Rc7 20. Rf3 Qg5
21. Rh3 h6 22. Rg3 Qh5 23. Rdd3 c5 24. Qf4 Qe2 25. h3 Qxb2 26. Qxh6 f6 27. Qxf6
Rxd4 28. Qxe6+ Kh7 29. Qg6+ Kg8 30. Qe8+ Kh7 31. Nf7 Rxf7 32. Qxf7 Rxd3 33.
Qf5+ Kg8 34. Qxd3 Qa1+ 35. Kh2 Qe5 36. Qd7 Ba6 37. Qxa7 Bxc4 38. Qxb6 Bxa2 39.
Qd8+ Kh7 40. Qd3+ Kg8 41. Qe3 Qd6 42. f4 Bd5 43. Qe5 Qxe5 44. fxe5 c4 45. Re3
Kf7 46. g4 Ke6 47. Kg3 g5 48. h4 gxh4+ 49. Kxh4 Bc6 50. Kg5 Be8 51. Kf4 Bg6 52.
Ra3 Bd3 53. Ra6+ Kd7 54. Ke3 Bf1 55. Rd6+ Ke7 56. Kd4 Be2 57. g5 1-0